000 00261nam a2200121Ia 4500
082 _a612.015
_bM08S
100 _aSHARMA, D.C.
245 _aMCQ'S IN BIOCHEMISTRY
250 _a1ST
260 _bAITBS
_aDELHI
_c2008
650 _aBIOCHEMISTRY
942 _2ddc
_cBK
_03
999 _c1116
_d1116